000 00663nam a2200301Ia 4500
005 20260127113215.0
008 008 260114s9999 xx 000 0 eng d
020 _a9780198064176
037 _aTextbook
040 _aPSDL
040 _beng
040 _cPSDL
041 _2eng
041 _aeng
084 _aW.2 Q0
084 _qPSDL
100 _aNayar Baldev Raj
_91110883
245 0 _aGlobalization and politics in India
245 0 _cNayar Baldev Raj
260 _aNewDelhi
260 _bOxford
260 _c2010
300 _a590
942 _cTB
942 _hW.2 Q0
999 _c1677055
_d1677055